| 000 | 00545nam a22001937a 4500 | ||
|---|---|---|---|
| 003 | koha_MIRAKIL | ||
| 005 | 20250908153329.0 | ||
| 008 | 231213b |||||||| |||| 00| 0 ||| d | ||
| 020 | _a9789944376860 | ||
| 040 |
_aTR-IsEVY _btur _cTR-IsEVY |
||
| 082 | _a92ATA ÇAK/Ç | ||
| 100 | _aÇakmakçıoğlu, A. Adnan. | ||
| 245 | 0 |
_aÇocuklar için nutuk / _cAdnan Çakmakçıoğlu. |
|
| 250 | _a7. bs. | ||
| 260 |
_bBU Yayınevi, _c2014 |
||
| 300 | _a135 s. | ||
| 650 |
_aAtatürk, Gazi Mustafa Kemal -- 1881-1938. _vNutuk. |
||
| 942 |
_2ddc _cBK |
||
| 999 |
_c14379 _d14379 |
||